书目信息 |
| 题名: |
空王冠
|
|
| 作者: | 琼斯 著 ;陆大鹏 译 | |
| 分册: | ||
| 出版信息: | 北京 社会科学文献出版社 2018.08 |
|
| 页数: | 436页 | |
| 开本: | 22cm | |
| 丛书名: | ||
| 单 册: | ||
| 中图分类: | K561.33 | |
| 科图分类: | ||
| 主题词: | ||
| 电子资源: | ||
| ISBN: | 978-7-5201-2589-5 | |
| 000 | 01311nam0 2200289 450 | |
| 001 | 1966774399 | |
| 005 | 20180919082136.7 | |
| 010 | @a978-7-5201-2589-5@b精装@dCNY 79.00 | |
| 100 | @a20180917d2018 em y0chiy50 ea | |
| 101 | 1 | @achi@ceng |
| 102 | @aCN@b110000 | |
| 105 | @aab a 000yy | |
| 200 | 1 | @a空王冠@Akong wang guan@e玫瑰战争与都铎王朝的崛起@f(英) 丹·琼斯著@d= The hollow crown@ethe wars of the roses and the rise of the tudors@fDan Jones@g陆大鹏译@zeng |
| 210 | @a北京@c社会科学文献出版社@d2018.08 | |
| 215 | @a436页@c彩图, 地图@d22cm | |
| 305 | @a根据英国Faber & Faber Limited 2014年版本译出 | |
| 314 | @a丹·琼斯, 是专攻中世纪史的历史学家。陆大鹏, 英德译者。 | |
| 320 | @a有书目 (第414-424页) | |
| 330 | @a本书描写了在英国统治时间最长的金雀花王朝如何分崩离析, 并被都铎所取代。书中出线了亨利四世、理查三世、亨利五世、亨利六世、爱德华九世和亨利八世等人物, 以及陶顿战役、文艺复兴等重要事件。 | |
| 500 | 10 | @aHollow crown : the wars of the roses and the rise of the tudors@mChinese |
| 517 | 1 | @a玫瑰战争与都铎王朝的崛起@Amei gui zhan zheng yu du duo wang zhao de jue qi |
| 607 | @a英国@Aying guo@x历史@z中世纪 | |
| 690 | @aK561.33@v5 | |
| 701 | 1 | @a琼斯@Aqiong si@g(Jones, Dan)@4著 |
| 702 | 0 | @a陆大鹏@Alu da peng@4译 |
| 801 | 0 | @aCN@b人天书店@c20180917 |
| 905 | @aBZT@dK561.33@e1 | |
| 空王冠:玫瑰战争与都铎王朝的崛起/(英) 丹·琼斯著= The hollow crown:the wars of the roses and the rise of the tudors/Dan Jones/陆大鹏译.-北京:社会科学文献出版社,2018.08 |
| 436页:彩图, 地图;22cm |
| ISBN 978-7-5201-2589-5(精装):CNY 79.00 |
| 本书描写了在英国统治时间最长的金雀花王朝如何分崩离析, 并被都铎所取代。书中出线了亨利四世、理查三世、亨利五世、亨利六世、爱德华九世和亨利八世等人物, 以及陶顿战役、文艺复兴等重要事件。 |
| ● |
| 相关链接 |
|
|
|
正题名:空王冠
索取号:K561.33/1
 
预约/预借
| 序号 | 登录号 | 条形码 | 馆藏地/架位号 | 状态 | 备注 |
| 1 | 861440 | 2000861440 | 第二书库/ [索取号:K561.33/1] | 在馆 | |
| 2 | 861441 | 2000861441 | 第二书库/ [索取号:K561.33/1] | 在馆 | |
| 3 | 861442 | 2000861442 | 第二书库/ [索取号:K561.33/1] | 在馆 |